| 000 | 00372nam a2200121Ia 4500 | ||
|---|---|---|---|
| 008 | 220204s9999 xx 000 0 und d | ||
| 020 | _a9211010306 | ||
| 082 |
_a339.1722000-01 _bWOR |
||
| 245 | 0 | _aWorld commodity survey 2000-2001 : Markets, trends and the world economic environment. | |
| 260 |
_aGeneva _bUnited Nations _c2001 |
||
| 700 | _aChalmin, Philippe | ||
| 942 | _cBK | ||
| 999 |
_c42037 _d42037 |
||